| 000 | 01028cam a2200277 a 4500 | ||
|---|---|---|---|
| 001 | 000011400 | ||
| 005 | 20260305073955.0 | ||
| 008 | 761220s1976 ve a 000 0cspa d | ||
| 010 | _a76487842 | ||
| 035 | _a(DLC) 76487842 | ||
| 040 |
_aDO-SdBNP _bspa _cDLC _dDLC _dBNPHU |
||
| 043 | _as-ve--- | ||
| 082 |
_a987 _bS161t |
||
| 100 | 1 |
_aSalcedo-Bastardo, J. L. _q(José Luis), _d1926- _927022 |
|
| 245 | 1 | 0 |
_aTextos para la verdad / _cJ. L. Salcedo-Bastardo. |
| 260 |
_aCaracas : _bMinisterio de Educación, _c1976. |
||
| 300 |
_a67 p. : _bil. ; _c19 cm. |
||
| 505 | 0 | _aReconciliación histórica para la unidad. -- De la historia y los deberes. | |
| 651 | 4 |
_aVenezuela _xHistoria _93660 |
|
| 600 | 1 | 0 |
_aBolívar, Simón, _d1783-1830 _9253 |
| 600 | 1 | 4 |
_aSAN MARTÍN, JOSÉ DE, _d1778-1850. _97595 |
| 650 | 4 |
_aJefes de estado _zAmérica Del Sur _xBiografía _918374 |
|
| 700 | 1 |
_aSalcedo-Bastardo, J. L. _q(José Luis), _d1926- _tDe la historia y los deberes. 1976. _927023 |
|
| 910 | _aCatalogación por copia / LC | ||
| 049 | _aBNGR | ||
| 999 |
_c11106 _d11106 |
||